| 000 | 00666cam a2200253 i 4500 | ||
|---|---|---|---|
| 001 | 18862886 | ||
| 005 | 20180827042415.0 | ||
| 008 | 151117t20172017maua 001 0 eng | ||
| 010 | _a 2015045277 | ||
| 020 | _a9780134318127 | ||
| 020 | _a0134318129 | ||
| 035 | _a(DNLM)101672196 | ||
| 040 |
_aDNLM/DLC _beng _cDLC _erda _dDLC |
||
| 041 | _aeng | ||
| 060 | 1 | 0 | _aW 18.2 |
| 080 | _a610.14 | ||
| 082 | 0 | 0 |
_a610.14 _223 |
| 100 | 1 | _a2 | |
| 101 | _aSHM | ||
| 245 | 1 | 0 |
_aMedical language : _cSusan M. Turley. |
| 906 |
_a7 _bcbc _corignew _d1 _eecip _f20 _gy-gencatlg |
||
| 942 |
_2ddc _cBK |
||
| 999 |
_c47338 _d47338 |
||